| 000 | 00677nam a2200205 u 4500 | ||
|---|---|---|---|
| 005 | 20241130063752.0 | ||
| 008 | 110602s2005 es r 000 0 spa d | ||
| 020 | _a8496578046 | ||
| 035 | _aUPN01000180774 | ||
| 049 | _aCG | ||
| 050 | 4 |
_aLB2822.5 _bR6.5 |
|
| 100 | 1 | _aRodríguez Cancio, Mónica | |
| 245 | 0 | 0 |
_aMateriales y recursos en educación infantil : _bmanual de usos prácticos para el docente / _c[Mónica Rodríguez Cancio, Ideaspropias]. |
| 260 |
_aEspaña : _bIdeaspropias, _c2005. |
||
| 300 |
_a126 p. : _bil. |
||
| 650 | 4 |
_aEducación _xPlanificación _91146 |
|
| 650 | 4 |
_aOrganización escolar _94178 |
|
| 650 | 2 |
_aRecursos educativos _99810 |
|
| 905 | _aLibro | ||
| 999 |
_c152877 _d152877 |
||